000 00590 a2200181 4500
999 _c7564
_d7564
010 _aENG-88046
020 _a8190422928
_c700.00
035 _aEN-71579
037 _bDBAD / PUB
082 1 4 _a591.0724
100 _aThakur, D.K.
245 1 _aAnimal cell and tissue culture/
_cby D.K.Thakur
260 _aJaipur
_bAgarwal Publishing House
_c2007
270 _a1885, Shukhlal Vyas Ki Gali, Nataniyon Ka Rasta,
_bJaipur
_e302 003
300 _a224p.
_c24 cm (Hb.)
_bill.
500 _aIncludes bibliographical references and index
942 _adpl
_cEN
_2ddc
_h591.0724
_mTHA